000 01028nam a2200277Ia 4500
001 Para_10415
003 CHAP
008 220125sAgos xx 000 0 und d
010 _a209095
040 _cCHAP
090 _aPA CD - TESIS 439
100 _aGasparillo Hilario, Juan
_9129829
245 _aCompetencia interespecífica :
_b efecto de la densidad y de distribución del cultivo de frijol en la incidencia de malezas en el rendimiento /
_c Juan Gasparillo Hilario; Director Juan Lorenzo Medina Pitalúa
260 _aChapingo, Méx. :
_b el autor
300 _a1 CDS ROM (39 p.)
502 _aTesis (Ing. Agr. Esp. en Parasitología Agrícola). UACh. Departamento Parasitología Agrícola
700 _aMedina Pitalúa, Juan Lorenzo. Director
_9175145
710 _aUACh Departamento Parasitología Agrícola
901 _aPA CD - TESIS 439
902 _aM
905 _a513220Agosto, 2015 nm 8100000000 06
910 _aAgos
942 _cPARA
942 _cPARA
_d2
999 _c209095
_d209095